| 000 | 00775nam a22002417a 4500 | ||
|---|---|---|---|
| 999 |
_c21231 _d21231 |
||
| 003 | AR-CdUCM | ||
| 008 | 190321b ||||| |||| 00| 0 spa d | ||
| 020 | _a9789972471896 | ||
| 040 |
_aMUNICIPALIDAD PROVINCIAL DEL CUSCO _cBIBLIOTECA MUNICIPAL DEL CUSCO |
||
| 082 |
_a599.736 / G26 _bG26 |
||
| 100 |
_aGarcía, Wilber _944346 |
||
| 245 | _aManual de empadre controlado de alpacas / | ||
| 260 |
_aLima : _bSoluciones practicas, _c2009. |
||
| 300 |
_a40 páginas ; _bIlustraciones, _c20 cm. |
||
| 505 | _aContenido: Empadre de alpacas ... | ||
| 650 |
_aAuquenidos _922127 |
||
| 650 |
_aAlpacas _919708 |
||
| 650 |
_aReproducción de alpacas _944347 |
||
| 650 |
_aCamelidos sudamericanos _944123 |
||
| 650 |
_aCusco Perú _944348 |
||
| 942 |
_2ddc _cLIBROS |
||
| 945 | _aRoel | ||